01050nam a2200241 a 450000100060000000300080000600500170001400800410003103500190007204000320009104100080012308200260013110000610015724501190021826001510033730000340048850400540052265100180057665100350059494200120062999900170064195201500065872382BD-RjUL20211209082244.0170517r19651942enkabf b 001 0 eng  a(BD-RjUL)72599 aDLCcDLCdDLCdBD-RjULbeng aeng00223a916.696bNAB 19651 aNadel, S. F.q(Siegfried Frederick),d1903-1956.921406512aA black Byzantium :bthe kingdom of Nupe in Nigeria /cby S. F. Nadel ; with a foreword by Right Hon. Lord Lugard. aLondon ;aNew York :bPub. for the International Institute of African languages & cultures by the Oxford university press,c1942 [reprinted 1965]. axiv, 420 p. ;bill. ;c23 cm. aBibliographical foot-notes. Bibliography: p. 404. 0aNupe.9214066 0aNigeriaxCivilization.9214067 2ddccBK c72382d72382 00102ddc40718NFICaRUCLbRUCLcReadingd2017-05-17eSweets & Zeitlingerg47.00l0o916.696 NAB 1965r2017-05-17 00:00:00tC-1w2017-05-17yBK